FIFA 20 - Belgian Player Names - Statistics

General Stats
  • This quiz has been taken 451 times
  • The average score is 9 of 12
Answer Stats
Surname Name % Correct
De Bruyne Kevin
96%
Lukaku Romelu
95%
Hazard (Real M.) Eden
94%
Kompany Vincent
92%
Vertonghen Jan
88%
Witsel Axel
87%
Hazard (Borussia D.) Thorgan
87%
Origi Divock
86%
Mertens Dries
86%
Carrasco Yannick
86%
Meunier Thomas
84%
Courtois Thibaut
83%
Dembélé Moussa
80%
Nainggolan Radja
79%
Alderweireld Toby
79%
Tielemans Youri
79%
Benteke Christian
75%
Batshuayi Michy
70%
Trossard Leandro
69%
Mignolet Simon
69%
Januzaj Adnan
55%
Lukébakio Dodi
50%
Musonda Charly
42%
Proto Silvio
34%
Verstraete Birger
25%
No matching quizzes found
Score Distribution
Percent of People with Each Score
Percentile by Number Answered
Your Score History
You have not taken this quiz